Guess the mystery Gracie Abrams song #2 - Statistics

General Stats
  • This quiz has been taken 387 times
  • The average score is 204 of 325
Answer Stats
Answer % Correct
I
100%
you
98%
You
98%
a
94%
the
89%
me
86%
an
83%
it
82%
your
82%
and
80%
to
80%
so
79%
that
79%
do
77%
go
77%
my
76%
No
75%
in
74%
know
73%
I'm
72%
You're
72%
you're
72%
on
71%
she
70%
when
69%
Think
67%
think
67%
But
66%
but
66%
her
66%
was
66%
what
66%
Did
65%
did
65%
too
65%
should
64%
all
63%
out
63%
that's
62%
That's
62%
cool
61%
like
61%
Bet
60%
could
59%
Don't
59%
from
59%
just
59%
she's
59%
there
59%
time
59%
"oh
58%
been
56%
eyes
56%
I've
56%
life
56%
mind
56%
not
56%
Not
56%
now
56%
Now
56%
Said
56%
said
56%
thinking
56%
true
56%
about
55%
how
55%
off?
54%
off
54%
back
53%
hate
53%
I'll
53%
read
53%
room
52%
Taking
52%
taking
52%
warn
52%
cry
51%
dumb
51%
face
51%
make
51%
across
50%
couch
50%
once
50%
Or
50%
get
49%
house
49%
hurt
49%
Kicking
49%
lost
49%
sure
49%
Wait
49%
yeah
49%
glass
48%
idiot
48%
making
48%
outside
48%
sorry
48%
twice
48%
coffin
46%
god!"
46%
Living
46%
Made
46%
ooh
46%
positive
46%
blue
45%
feeling?
45%
fine
45%
alive
44%
big
44%
down
44%
Looking
44%
night
44%
shirt
44%
got
43%
had
43%
Remember
43%
Uh
43%
uh
43%
up
43%
walking?
43%
died
42%
vibe?
42%
earrings
41%
hair
41%
started
41%
fuck
40%
through
40%
catch
39%
fight
39%
sad
39%
boy
38%
dude
38%
into
38%
missing
38%
put
38%
Smiling
38%
spend
38%
fun
37%
ceiling
36%
another
35%
business
35%
evolved
35%
prize
34%
You've
34%
What'd
32%
Well
30%
ya
30%
mm
23%
No matching quizzes found
Score Distribution
Percent of People with Each Score
Percentile by Number Answered
Your Score History
You have not taken this quiz